| 000 | 01070nam a2200241 a 4500 | ||
|---|---|---|---|
| 001 | 39974 | ||
| 003 | BD-RjUL | ||
| 005 | 20211209053116.0 | ||
| 008 | 160420s1979 ii a|||| |||| 00| 0 ben d | ||
| 020 | _c: Tk. 12.00 | ||
| 035 | _a(BD-RjUL) 40088 | ||
| 040 |
_aBD-RjUL _bben _cBD-RjUL |
||
| 041 | _aben | ||
| 082 |
_223 _a533.7 _bCHG 1979 |
||
| 100 |
_aচৌধুরী, শ্রীপ্রতীপকুমার _9123120 |
||
| 245 | 1 | 0 |
_aগ্যাসের আণবিক তত্ত্ব / _cশ্রীপ্রতীপকুমার চৌধুরী |
| 260 |
_aকলিকাতা : _bপশ্চিমবঙ্গ রাজ্য পুস্তক পর্ষদ, _c১৯৭৯ |
||
| 300 |
_aiii, [৫], ১৮২ পৃ. : _bচিত্র ; _c২১ সেমি. |
||
| 500 | _aশুদ্ধিপত্র সংযুক্ত | ||
| 650 |
_aবিজ্ঞান - রসায়ন _xদৈহিক ও তাত্ত্বিক _9123125 |
||
| 650 |
_aScience -- Chemistry _xPhysical & Theoretical _9123126 |
||
| 942 |
_2ddc _cBK |
||
| 999 |
_c39974 _d39974 |
||